00480 a2200169 450000100060000002000180000604000220002410000180004624000300006424500250009430000080011936200090012765000350013694200070017195201150017899900170029359896 a9783407799418 cAnchieta - Pituba aKordon, Klaus10aBrüder wie freundelpor10aBrüder wie freunde a4770 a2008 4aLiteratura juvenil em alemão cBK 00104070a91.1b91.1d2023-11-21l0oLJ 028.543 K84b KOR BRUp11381/PITr2023-11-21 18:27:58w2023-11-21yBK c59896d59896